U.S. States With The Most Gun Violence - Statistics

General Stats
  • This quiz has been taken 54 times
  • The average score is 8 of 10
Answer Stats
Hint Answer % Correct
25.5 Alabama
92%
21.9 Arkansas
90%
24.2 Missouri
81%
29.6 Mississippi
79%
22.4 Alaska
75%
20.8 South Carolina
75%
20.5 Tennessee
75%
27.3 New Mexico
73%
28.2 Louisiana
67%
23.9 Montana
52%
No matching quizzes found
Score Distribution
Percent of People with Each Score
Percentile by Number Answered
Your Score History
You have not taken this quiz